Retorika: (Record no. 1976)

MARC details
000 -LEADER
fixed length control field 00818nam a22002177a 4500
005 - DATE AND TIME OF LATEST TRANSACTION
control field 20230323071857.0
008 - FIXED-LENGTH DATA ELEMENTS--GENERAL INFORMATION
fixed length control field 230323b |||||||| |||| 00| 0 eng d
020 ## - INTERNATIONAL STANDARD BOOK NUMBER
International Standard Book Number 971-42-0332-5
082 ## - DEWEY DECIMAL CLASSIFICATION NUMBER
Classification number Fil. 499.211 R438 2003
100 ## - MAIN ENTRY--PERSONAL NAME
Personal name Tanawan, Dolores S.
Relator term author
245 ## - TITLE STATEMENT
Title Retorika:
Remainder of title mabisang pagpapahayag sa kolehiyo /
Statement of responsibility, etc. Dolores S. Tanawan, Anita Arabejo-Nacin, Felisa Moratilla-Recorba, Jane Kibla-Lartec
260 ## - PUBLICATION, DISTRIBUTION, ETC.
Place of publication, distribution, etc. Bulacan, PH:
Name of publisher, distributor, etc. Trinitas Publishing,
Date of publication, distribution, etc. c2003
300 ## - PHYSICAL DESCRIPTION
Extent 189p.
541 ## - IMMEDIATE SOURCE OF ACQUISITION NOTE
Accession number 2270 c.1, 2271 c.2, 3102 c.3, 3103 c.4
650 ## - SUBJECT ADDED ENTRY--TOPICAL TERM
Topical term or geographic name entry element Filipino language - Rhetoric
650 ## - SUBJECT ADDED ENTRY--TOPICAL TERM
Topical term or geographic name entry element Filipino language - Composition and exercises
650 ## - SUBJECT ADDED ENTRY--TOPICAL TERM
Topical term or geographic name entry element Filipino language - Study and teaching
700 ## - ADDED ENTRY--PERSONAL NAME
Personal name Nacin, Anita A.
Relator term author
700 ## - ADDED ENTRY--PERSONAL NAME
Personal name Recorba, Felisa M.
Relator term author
700 ## - ADDED ENTRY--PERSONAL NAME
Personal name Lartec, Jane K.
Relator term author
Holdings
Withdrawn status Lost status Source of classification or shelving scheme Damaged status Not for loan Home library Current library Date acquired Total Checkouts Full call number Barcode Date last seen Copy number Price effective from Koha item type
    Dewey Decimal Classification     ctu-moalboal ctu-moalboal 01/17/2012   Fil. 499.211 R438 2003 2270 03/23/2023 1 03/23/2023 Books-Filipiniana
    Dewey Decimal Classification     ctu-moalboal ctu-moalboal 01/17/2012   Fil. 499.211 R438 2003 2271 03/23/2023 2 03/23/2023 Books-Filipiniana
    Dewey Decimal Classification     ctu-moalboal ctu-moalboal 01/07/2013   Fil. 499.211 R438 2003 3102 03/23/2023 3 03/23/2023 Books-Filipiniana
    Dewey Decimal Classification     ctu-moalboal ctu-moalboal 01/07/2013   Fil. 499.211 R438 2003 3103 03/23/2023 4 03/23/2023 Books-Filipiniana